| 000 | 00632nam a2200205Ia 4500 | ||
|---|---|---|---|
| 003 | GCL | ||
| 008 | 140319s9999 xx 000 0 ara d | ||
| 040 |
_aGCL / _cGCL |
||
| 082 | 0 | 4 |
_a891.7 _bت ح |
| 100 | 1 | _aادوار الخراط | |
| 245 | 1 | 0 |
_aالحرب والسلام (الجزء الرابع) / _cادوار الخراط |
| 700 | 1 | _aتولستوى، ليو | |
| 260 |
_a[S.N] : _bالهيئة المصرية العامة للكتاب ، _c1991 |
||
| 300 | _a99 ص | ||
| 490 | _a | ||
| 650 | 0 | 4 | _aالادب العربى |
| 650 | 0 | 4 | _aالادب الروسى |
| 650 | 0 | 4 | _aالادب المترجم |
| 942 |
_2ddc _cBK |
||
| 999 |
_c54410 _d54410 |
||